00295 a2200133 450000100060000002000180000604000220002410000180004624000310006424500260009530000080012136200090012965000230013856843 a9788537702789 cAnchieta - Pituba aGaldino, Luiz10aO enigma das amazonaslpor10aO enigma das amazonas a1120 a2008 4aLiteratura juvenil